000 00475nam a22001817a 4500
003 OSt
005 20160812134416.0
008 160812b xxu||||| |||| 00| 0 eng d
020 _a0632054948
040 _cDDC.
082 _aWC515N52m 1999.
100 _aMicholson,Karl;
_910611
245 _aManaging Influenza in Primary care:
260 _aUK.
_bBlackwell science.
_c1999.
300 _axiv,106p;
_bcol,ill;
_c20cm.
650 _aPrimary Care.
_94808
942 _2z
_cO_SHELF
999 _c4955
_d4955